Рассеяние энергии при колебаниях механических систем: материалы XII республиканской научной конференции

Bibliografiske detaljer
Institution som forfatter: Академия наук Украинской ССР (АН УССР) Институт проблем прочности (ИПП)
Andre forfattere: Писаренко Г. С. Георгий Степанович (редактор)
Sprog:russisk
Udgivet: Киев, Наукова думка, 1982
Fag:
Format: MixedMaterials Bog
KOHA link:https://koha.lib.tpu.ru/cgi-bin/koha/opac-detail.pl?biblionumber=144027

MARC

LEADER 00000nam0a2200000 4500
001 144027
005 20231031143516.0
035 |a (RuTPU)RU\TPU\book\156096 
090 |a 144027 
100 |a 20080929d1982 k y0rusy50 ca 
101 0 |a rus 
102 |a UA 
105 |a a z 101zy 
200 1 |a Рассеяние энергии при колебаниях механических систем  |e материалы XII республиканской научной конференции  |f Академия наук Украинской ССР (АН УССР), Институт проблем прочности (ИПП) ; под ред. Г. С. Писаренко 
210 |a Киев  |c Наукова думка  |d 1982 
215 |a 327с.  |c ил. 
320 |a Библиография в конце докладов. 
610 1 |a конференции 
610 1 |a рассеяние энергии 
610 1 |a колебания 
610 1 |a механические системы 
610 1 |a сборники 
675 |a 621.01:53(063)  |v 3 
702 1 |a Писаренко  |b Г. С.  |g Георгий Степанович  |4 340 
712 0 2 |a Академия наук Украинской ССР (АН УССР)  |b Институт проблем прочности (ИПП)  |2 stltpush  |3 (RuTPU)RU\TPU\col\12440 
801 1 |a RU  |b 63413507  |c 20080929  |g PSBO 
801 2 |a RU  |b 63413507  |c 20181228  |g PSBO 
942 |c BK